LIBRARY & INFORMATION CENTRE, KCAET, TAVANUR

ONLINE PUBLIC ACCESS CATALOGUE (OPAC)

Chemical engineering, Vol I / (Record no. 1524)

MARC details
000 -LEADER
fixed length control field 00437cam a2200181ua 4500
020 ## - INTERNATIONAL STANDARD BOOK NUMBER
ISBN 0-08-020614-x
041 ## - LANGUAGE CODE
Language code of text/sound track or separate title eng
082 ## - DEWEY DECIMAL CLASSIFICATION NUMBER
Classification number 660
Item number COU/CH
100 ## - MAIN ENTRY--AUTHOR NAME
Personal name Coulson, J.M .
245 ## - TITLE STATEMENT
Title Chemical engineering, Vol I /
250 ## - EDITION STATEMENT
Edition statement 3 /
260 ## - PUBLICATION, DISTRIBUTION, ETC. (IMPRINT)
Place of publication :
Name of publisher Pergamon press ,
Year of publication 1984.
300 ## - PHYSICAL DESCRIPTION
Number of Pages 449 ; .
700 1# - ADDED ENTRY--PERSONAL NAME
Personal name Richardson, J.F .
942 ## - ADDED ENTRY ELEMENTS (KOHA)
Koha item type Books
Holdings
Withdrawn status Lost status Damaged status Home library Current library Date acquired Full call number Accession Number Koha item type
      KAUAET KAUAET 22/08/1986 660 15506 Books
free website counter